000 00492nam a2200133Ia 4500
008 100328s9999 xx 000 0 und d
082 _b9043
100 _a---
245 _aफळांचे टिकाऊ पदार्थ तयार करणे
260 _bउद्यम
630 _aफळांचे टिकाऊ पदार्थ तयार करणे
730 _aफळांचे टिकाऊ पदार्थ तयार करणे
942 _cBOOK
999 _c504768
_d504765